Draft Shale Gas Rural Economy Impacts Paper (Record no. 115485)

MARC details
000 -LEADER
fixed length control field 01324cam a22002055a 4500
001 - CONTROL NUMBER
control field L158734
008 - FIXED-LENGTH DATA ELEMENTS--GENERAL INFORMATION
fixed length control field 150702s2014 xxk f 000 0 eng d
035 ## - SYSTEM CONTROL NUMBER
System control number (Sirsi) u158734
041 0# - LANGUAGE CODE
Language code of text/sound track or separate title eng
110 2# - MAIN ENTRY--CORPORATE NAME
Corporate name or jurisdiction name as entry element United Kingdom
Subordinate unit Department for Environment Food and Rural Affairs
245 00 - TITLE STATEMENT
Title Draft Shale Gas Rural Economy Impacts Paper
260 ## - PUBLICATION, DISTRIBUTION, ETC.
Place of publication, distribution, etc. London
Name of publisher, distributor, etc. DEFRA
Date of publication, distribution, etc. 2014
520 ## - SUMMARY, ETC.
Summary, etc. DEFRA assessment of the impacts of fracking has now been published in full. It warns in previously omitted sections that house prices near fracking wells were likely to fall up to 7% in values within a mile of wells. Also, leakage of waste fluids from fracking processes had led to environmental damage in the USA and fracking could also effect human health indirectly through the consumption of contaminated wildlife, livestock or agricultural products. The report also details some possible benefits of fracking such as generating jobs and economic growth as well as providing greater energy security for the UK.
590 ## - LOCAL NOTE (RLIN)
Local note KA
651 #4 - SUBJECT ADDED ENTRY--GEOGRAPHIC NAME
Geographic name ENGLAND AND WALES
690 ## - LOCAL SUBJECT ADDED ENTRY--TOPICAL TERM (OCLC, RLIN)
Topical term or geographic name as entry element Energy
9 (RLIN) 6237
690 ## - LOCAL SUBJECT ADDED ENTRY--TOPICAL TERM (OCLC, RLIN)
Topical term or geographic name as entry element Environment
9 (RLIN) 6238
856 40 - ELECTRONIC LOCATION AND ACCESS
Uniform Resource Identifier <a href="https://https://www.gov.uk/government/uploads/system/uploads/attachment_data/file/440791/draft-shale-gas-rural-economy-impact-report.pdf">https://https://www.gov.uk/government/uploads/system/uploads/attachment_data/file/440791/draft-shale-gas-rural-economy-impact-report.pdf</a>
Public note View the report free of charge at www.gov.uk
942 ## - ADDED ENTRY ELEMENTS (KOHA)
Suppress in OPAC 0
Holdings
Withdrawn status Lost status Source of classification or shelving scheme Damaged status Not for loan Home library Current library Shelving location Date acquired Total Checkouts Full call number Barcode Date last seen Copy number Price effective from Koha item type
    Dewey Decimal Classification     Virtual Virtual Online 02/07/2015   ONLINE PUBLICATION 158734-2001 06/08/2019 1 06/08/2019 Book